|
|
|
|
| LEADER |
00000nam2a2200000 4500 |
| 001 |
31717 |
| 005 |
20231101210044.0 |
| 010 |
|
|
|a 5762300986
|
| 035 |
|
|
|a (RuTPU)RU\TPU\book\32009
|
| 035 |
|
|
|a BOOK00000088
|
| 090 |
|
|
|a 31717
|
| 100 |
|
|
|a 20011210d1992 k y0rusy50 ca
|
| 101 |
0 |
|
|a rus
|
| 102 |
|
|
|a RU
|
| 105 |
|
|
|a y z 001zy
|
| 200 |
0 |
|
|a Вып. 142 : Сплайны и их приложения
|f под ред. Ю. С. Завьялова, В. Л. Мирошниченко
|
| 210 |
|
|
|d 1991
|
| 215 |
|
|
|a 141 с.
|
| 320 |
|
|
|a Библиогр. в конце гл.
|
| 461 |
|
1 |
|0 (RuTPU)RU\TPU\book\41273
|t Вычислительные системы
|o сборник научных трудов
|f Российская академия наук; Институт математики им. С. Л. Соболева
|v Вып. 142 : Сплайны и их приложения
|n [Б. и.]
|d 1964-2008
|
| 606 |
1 |
|
|a Сплайны
|2 stltpush
|3 (RuTPU)RU\TPU\subj\65977
|9 82280
|
| 610 |
1 |
|
|a математика
|
| 610 |
1 |
|
|a интерполяция
|
| 610 |
1 |
|
|a океан
|
| 610 |
1 |
|
|a динамика
|
| 610 |
1 |
|
|a вихрь
|
| 610 |
1 |
|
|a уравнения
|
| 610 |
1 |
|
|a численные решения
|
| 610 |
1 |
|
|a фреза
|
| 610 |
1 |
|
|a гладкая поверхность
|
| 610 |
1 |
|
|a обработка
|
| 610 |
1 |
|
|a сборники
|
| 675 |
|
|
|a 519.68
|v 3
|
| 702 |
|
1 |
|a Завьялов
|b Ю. С.
|4 340
|
| 702 |
|
1 |
|a Мирошниченко
|b В. Л.
|4 340
|
| 801 |
|
0 |
|a RU
|b 63413507
|c 20011210
|g PSBO
|
| 801 |
|
2 |
|a RU
|b 63413507
|c 20170529
|g PSBO
|
| 942 |
|
|
|c BK
|